|
|
|
|
| LEADER |
01038nam a2200277 a 4500 |
| 001 |
000487833 |
| 003 |
CZ BrMZK |
| 005 |
20140416095550.0 |
| 007 |
ta |
| 008 |
840820s1984 xr ac f 000 m cze d |
| 015 |
|
|
|a cnb000009950
|
| 040 |
|
|
|a BOA001
|b cze
|
| 080 |
|
|
|a 323.285
|2 MRF
|
| 080 |
|
|
|a 885.0-991
|2 MRF
|
| 080 |
|
|
|a 061.236.4
|2 MRF
|
| 100 |
1 |
|
|a Červinka, Stanislav,
|d 1938-
|7 mzk2004231214
|4 aut
|4 pht
|
| 245 |
1 |
0 |
|a Až do posledního kmotra /
|c Stanislav Červinka
|
| 250 |
|
|
|a 1. vyd.
|
| 260 |
|
|
|a Praha :
|b Práce,
|c 1984
|
| 300 |
|
|
|a 379 s. :
|b il., portréty ;
|c 20 cm
|
| 504 |
|
|
|a Obsahuje bibliografii
|
| 856 |
4 |
1 |
|u http://www.digitalniknihovna.cz/mzk/uuid/uuid:468c7f00-a1c8-11e2-9a9f-005056827e51
|y Digitalizovaný dokument
|x NDK
|
| 910 |
|
|
|a BOA001
|b 2-0877.950
|
| 964 |
|
|
|a Mafie (organizace teroristická tajná) - Itálie a USA - stol. 19., léta 50. - ol. 20., léta 80. - reportáže dokumentární
|
| 990 |
|
|
|a BK
|
| 996 |
6 |
|
|b 2619753864
|c 2-0877.950
|l MZK
|r Sklad / do 1 hodiny
|n 14
|w 000487833
|u 000010
|a 1
|e BOA001
|j MZK50
|s P
|